<?xml version="1.0" encoding="UTF-8"?>
<record
    xmlns:xsi="http://www.w3.org/2001/XMLSchema-instance"
    xsi:schemaLocation="http://www.loc.gov/MARC21/slim http://www.loc.gov/standards/marcxml/schema/MARC21slim.xsd"
    xmlns="http://www.loc.gov/MARC21/slim">

  <leader>00602nam a22001337a 4500</leader>
  <datafield tag="040" ind1=" " ind2=" ">
    <subfield code="c">RUA </subfield>
  </datafield>
  <datafield tag="082" ind1=" " ind2=" ">
    <subfield code="a">FIS CHA 2009 B182 Or.1 </subfield>
  </datafield>
  <datafield tag="100" ind1=" " ind2=" ">
    <subfield code="a">CHAN NARITH; &#x1785;&#x17B6;&#x1793;&#x17CB; &#x178E;&#x17B6;&#x179A;&#x17B7;&#x1791;&#x17D2;&#x1792;.</subfield>
  </datafield>
  <datafield tag="245" ind1=" " ind2=" ">
    <subfield code="a">Improving capacity of seed production of giant freshwaterprawn (Macrobrachium rosenbergii); &#x1780;&#x17B6;&#x179A;&#x1780;&#x17C2;&#x179B;&#x17C6;&#x17A2;&#x179F;&#x1798;&#x178F;&#x17D2;&#x1790;&#x1797;&#x17B6;&#x1796;&#x1793;&#x17C3;&#x1780;&#x17B6;&#x179A;&#x1795;&#x179B;&#x17B7;&#x178F;&#x1796;&#x17BC;&#x1787;&#x1794;&#x1784;&#x17D2;&#x1780;&#x1784;&#x1791;&#x17B9;&#x1780;&#x179F;&#x17B6;&#x1794;.</subfield>
  </datafield>
  <datafield tag="260" ind1=" " ind2=" ">
    <subfield code="a">Phnom Penh </subfield>
    <subfield code="b">RUA </subfield>
    <subfield code="c">2009</subfield>
  </datafield>
  <datafield tag="300" ind1=" " ind2=" ">
    <subfield code="a">x; 48p.</subfield>
    <subfield code="b">ill.</subfield>
    <subfield code="c">29cm.</subfield>
  </datafield>
  <datafield tag="856" ind1=" " ind2=" ">
    <subfield code="u">https://drive.google.com/file/d/1UlHdqjPV0sEiJHxOFPS0hNSI2cbWSQm6/view?usp=sharing</subfield>
  </datafield>
  <datafield tag="942" ind1=" " ind2=" ">
    <subfield code="c">FIS</subfield>
  </datafield>
  <datafield tag="999" ind1=" " ind2=" ">
    <subfield code="c">4057</subfield>
    <subfield code="d">4057</subfield>
  </datafield>
  <datafield tag="952" ind1=" " ind2=" ">
    <subfield code="0">0</subfield>
    <subfield code="1">0</subfield>
    <subfield code="2">ddc</subfield>
    <subfield code="4">0</subfield>
    <subfield code="6">FIS_CHA_2009_000000000000000_B182_OR_1</subfield>
    <subfield code="7">0</subfield>
    <subfield code="9">20632</subfield>
    <subfield code="a">LBB</subfield>
    <subfield code="b">LBB</subfield>
    <subfield code="c">B182</subfield>
    <subfield code="d">2015-12-05</subfield>
    <subfield code="o">FIS CHA 2009 B182 Or.1</subfield>
    <subfield code="p">RUA036908</subfield>
    <subfield code="r">2015-12-05</subfield>
    <subfield code="w">2015-12-05</subfield>
    <subfield code="y">FIS</subfield>
  </datafield>
  <datafield tag="952" ind1=" " ind2=" ">
    <subfield code="0">0</subfield>
    <subfield code="1">0</subfield>
    <subfield code="2">ddc</subfield>
    <subfield code="4">0</subfield>
    <subfield code="6">FIS_CHA_2009_000000000000000_B182_OR_2</subfield>
    <subfield code="7">0</subfield>
    <subfield code="9">20633</subfield>
    <subfield code="a">LBB</subfield>
    <subfield code="b">LBB</subfield>
    <subfield code="c">B182</subfield>
    <subfield code="d">2015-12-05</subfield>
    <subfield code="o">FIS CHA 2009 B182 Or.2</subfield>
    <subfield code="p">RUA037586</subfield>
    <subfield code="r">2015-12-05</subfield>
    <subfield code="w">2015-12-05</subfield>
    <subfield code="y">FIS</subfield>
  </datafield>
  <datafield tag="952" ind1=" " ind2=" ">
    <subfield code="0">0</subfield>
    <subfield code="1">0</subfield>
    <subfield code="2">ddc</subfield>
    <subfield code="4">0</subfield>
    <subfield code="6">FIS_CHA_2009_000000000000000_B182_OR_3</subfield>
    <subfield code="7">0</subfield>
    <subfield code="9">20634</subfield>
    <subfield code="a">LBB</subfield>
    <subfield code="b">LBB</subfield>
    <subfield code="c">B182</subfield>
    <subfield code="d">2015-12-05</subfield>
    <subfield code="o">FIS CHA 2009 B182 Or.3</subfield>
    <subfield code="p">RUA037531</subfield>
    <subfield code="r">2015-12-05</subfield>
    <subfield code="w">2015-12-05</subfield>
    <subfield code="y">FIS</subfield>
  </datafield>
  <datafield tag="952" ind1=" " ind2=" ">
    <subfield code="0">0</subfield>
    <subfield code="1">0</subfield>
    <subfield code="2">ddc</subfield>
    <subfield code="4">0</subfield>
    <subfield code="6">FIS_CHA_2009_000000000000000_B182_OR_4</subfield>
    <subfield code="7">0</subfield>
    <subfield code="9">20635</subfield>
    <subfield code="a">LBB</subfield>
    <subfield code="b">LBB</subfield>
    <subfield code="c">B182</subfield>
    <subfield code="d">2015-12-05</subfield>
    <subfield code="l">1</subfield>
    <subfield code="o">FIS CHA 2009 B182 Or.4</subfield>
    <subfield code="p">RUA035308</subfield>
    <subfield code="r">2024-11-26</subfield>
    <subfield code="s">2024-11-19</subfield>
    <subfield code="w">2015-12-05</subfield>
    <subfield code="y">FIS</subfield>
  </datafield>
  <datafield tag="952" ind1=" " ind2=" ">
    <subfield code="0">0</subfield>
    <subfield code="1">0</subfield>
    <subfield code="2">ddc</subfield>
    <subfield code="4">0</subfield>
    <subfield code="6">FIS_CHA_2009_000000000000000_B182_OR_5</subfield>
    <subfield code="7">0</subfield>
    <subfield code="9">20636</subfield>
    <subfield code="a">LBB</subfield>
    <subfield code="b">LBB</subfield>
    <subfield code="c">B182</subfield>
    <subfield code="d">2015-12-05</subfield>
    <subfield code="l">1</subfield>
    <subfield code="o">FIS CHA 2009 B182 Or.5</subfield>
    <subfield code="p">RUA035365</subfield>
    <subfield code="r">2016-02-10</subfield>
    <subfield code="s">2016-01-14</subfield>
    <subfield code="w">2015-12-05</subfield>
    <subfield code="y">FIS</subfield>
  </datafield>
  <datafield tag="952" ind1=" " ind2=" ">
    <subfield code="0">0</subfield>
    <subfield code="1">0</subfield>
    <subfield code="2">ddc</subfield>
    <subfield code="4">0</subfield>
    <subfield code="6">FIS_CHA_2009_000000000000000_B182_OR_6</subfield>
    <subfield code="7">0</subfield>
    <subfield code="9">20637</subfield>
    <subfield code="a">LBB</subfield>
    <subfield code="b">LBB</subfield>
    <subfield code="c">B182</subfield>
    <subfield code="d">2015-12-05</subfield>
    <subfield code="o">FIS CHA 2009 B182 Or.6</subfield>
    <subfield code="p">RUA035292</subfield>
    <subfield code="r">2015-12-05</subfield>
    <subfield code="w">2015-12-05</subfield>
    <subfield code="y">FIS</subfield>
  </datafield>
  <datafield tag="952" ind1=" " ind2=" ">
    <subfield code="0">0</subfield>
    <subfield code="1">0</subfield>
    <subfield code="2">ddc</subfield>
    <subfield code="4">0</subfield>
    <subfield code="6">FIS_CHA_2009_000000000000000_B182_OR_7</subfield>
    <subfield code="7">0</subfield>
    <subfield code="9">20638</subfield>
    <subfield code="a">LBB</subfield>
    <subfield code="b">LBB</subfield>
    <subfield code="c">B182</subfield>
    <subfield code="d">2015-12-05</subfield>
    <subfield code="o">FIS CHA 2009 B182 Or.7</subfield>
    <subfield code="p">RUA037139</subfield>
    <subfield code="r">2015-12-05</subfield>
    <subfield code="w">2015-12-05</subfield>
    <subfield code="y">FIS</subfield>
  </datafield>
  <datafield tag="952" ind1=" " ind2=" ">
    <subfield code="0">0</subfield>
    <subfield code="1">0</subfield>
    <subfield code="2">ddc</subfield>
    <subfield code="4">0</subfield>
    <subfield code="6">FIS_CHA_2009_000000000000000_B182_OR_8</subfield>
    <subfield code="7">0</subfield>
    <subfield code="9">20639</subfield>
    <subfield code="a">LBB</subfield>
    <subfield code="b">LBB</subfield>
    <subfield code="c">B182</subfield>
    <subfield code="d">2015-12-05</subfield>
    <subfield code="o">FIS CHA 2009 B182 Or.8</subfield>
    <subfield code="p">RUA037720</subfield>
    <subfield code="r">2015-12-05</subfield>
    <subfield code="w">2015-12-05</subfield>
    <subfield code="y">FIS</subfield>
  </datafield>
</record>
